000 00251nam a22001217a 4500
008 180914b xxu||||| |||| 00| 0 eng d
041 _aeng
080 _a911
100 _a42
101 _aGJEO
245 _aMT & SEA
_cMorrone, J.J
942 _2udc
_cBK
999 _c47796
_d47796